Comparison of Electronic Invoicing Adoption Before and After COVID-19 Pandemics in European Union

Tento dokument predstavuje výsledky prijatia elektronickej fakturácie a obratov elektronického obchodu v podnikoch Európskej únie v rokoch 2018 až 2020. Vzhľadom na zmeny v zavádzaní elektronickej fakturácie na národnej úrovni sa skúmajú možné faktory zmien. Ako kľúčové vysvetľujúce premenné sú anal...

Ausführliche Beschreibung

Gespeichert in:
Bibliographische Detailangaben
1. Verfasser: Tkáč, Michal, ml., 1984-
Weitere Verfasser: Sieber, Jakub, 1992-
Format: Buchkapitel
Sprache:Englisch
Schlagworte:
Tags: Tag hinzufügen
Keine Tags, Fügen Sie das erste Tag hinzu!

MARC

LEADER 00000naa$a2200000$$$4500
001 0289089
005 20260218075756.0
041 0 |a eng 
044 |a AT 
245 1 0 |a Comparison of Electronic Invoicing Adoption Before and After COVID-19 Pandemics in European Union  |c Michal Tkáč ml., Jakub Sieber 
520 |a Tento dokument predstavuje výsledky prijatia elektronickej fakturácie a obratov elektronického obchodu v podnikoch Európskej únie v rokoch 2018 až 2020. Vzhľadom na zmeny v zavádzaní elektronickej fakturácie na národnej úrovni sa skúmajú možné faktory zmien. Ako kľúčové vysvetľujúce premenné sú analyzované dva súbory prediktorov. Prvý súbor popisuje celkové prijatie IKT, digitálnych zručností a inovácií. Druhý súbor obsahuje prediktory popisujúce efekty zmien súvisiacich s digitalizáciou podnikov. Výsledky štúdie ukázali, že podniky z krajín EÚ, ktoré pred rokom 2018 v menšom rozsahu využívali elektronickú fakturáciu, v súčasnosti zavádzajú viac. Výsledky ukázali, že krajiny, kde aspoň jedna tretina podnikov využíva elektronickú fakturáciu, tiež zaznamenali vyšší rast obratov elektronického obchodu a cezhraničného predaja a variabilita obratov elektronického obchodu je nižšia v krajinách, kde je vyššia miera prijatie elektronickej fakturácie. 
610 2 0 |a faktúry elektronické 
610 2 0 |a digitalizácia 
610 2 0 |a koronavírus 
610 2 0 |a Európska únia 
100 1 |a Tkáč, Michal, ml., 1984- 
700 1 |a Sieber, Jakub, 1992-